000 00397nam a2200157Ia 4500
008 220531s9999 xx 000 0 und d
041 _amar
100 _aजोशी वि.
_952006
245 _aभारताची पुनर्घडण
260 _bDiamand
_c2005
300 _a225
542 _d21-08-2008
650 _aMarathi
_952007
906 _d2008-2009
999 _c30222
_d30222